000 00352nam a2200145Ia 4500
008 230312s9999||||xx |||||||||||||| ||und||
020 _a978-81-775-8918
082 _a621.392
_bPAL-V
100 _aGibson;Yu-cheng
245 0 _aMicrocomputer Systems
260 _bPearson
_aIndia
_c2003
300 _a490
650 _aComputer
_vComputer
942 _cBK
999 _c15645
_d15645